<?xml version="1.0" encoding="UTF-8"?>
<marc:record xmlns:marc="http://www.loc.gov/MARC21/slim">
   <marc:leader>00000nam a2200000 a 4500</marc:leader>
   <marc:datafield ind1="1" ind2=" " tag="100">
      <marc:subfield code="a">Sakurakōji, Kanoko</marc:subfield>
      <marc:subfield code="4">aut</marc:subfield>
      <marc:subfield code="e">Verfasser/-in</marc:subfield>
   </marc:datafield>
   <marc:datafield ind1=" " ind2=" " tag="653">
      <marc:subfield code="a">Cartoon</marc:subfield>
   </marc:datafield>
   <marc:datafield ind1=" " ind2=" " tag="653">
      <marc:subfield code="a">Humor</marc:subfield>
   </marc:datafield>
   <marc:datafield ind1=" " ind2=" " tag="653">
      <marc:subfield code="a">Satire/Manga</marc:subfield>
   </marc:datafield>
   <marc:datafield ind1=" " ind2=" " tag="653">
      <marc:subfield code="a">Manhwa</marc:subfield>
   </marc:datafield>
   <marc:datafield ind1="0" ind2="0" tag="245">
      <marc:subfield code="a">Black bird</marc:subfield>
   </marc:datafield>
   <marc:datafield ind1="0" ind2="0" tag="245">
      <marc:subfield code="c">Kanoko Sakurakouji. [Aus dem Japan. von: Burkhard Höfler</marc:subfield>
   </marc:datafield>
   <marc:datafield ind1=" " ind2="1" tag="264">
      <marc:subfield code="a">Köln</marc:subfield>
      <marc:subfield code="b">Egmont-Verl.-Ges.</marc:subfield>
      <marc:subfield code="c">2010</marc:subfield>
   </marc:datafield>
   <marc:datafield ind1=" " ind2=" " tag="250">
      <marc:subfield code="a">1. Aufl.</marc:subfield>
   </marc:datafield>
   <marc:datafield ind1="1" ind2=" " tag="520">
      <marc:subfield code="a">Angaben aus der Verlagsmeldung

Black Bird 05 Black Bird 05 / von Kanoko Sakurakouji

Misao versucht schon ihr ganzes Leben, die dämonischen Erscheinungen, die wohl nur die sehen kann zu ignorieren. Mit ihrem 16. Geburtstag werden diese aber entschieden zu aufdringlich: als „Auserwählte“ verspricht ihr Blut längeres Leben, ihr Fleisch sogar Unsterblichkeit! Ihr Freund Kyou scheint ihr als einziger helfen zu können ... aber der ist auch nicht ganz uneigennützig ... und auch nicht so ganz menschlich ... Dämonisch angehauchte Fantasy, eine wunderbare Story und Romantik. Und das alles brillant umgesetzt von Mangaka Kanako Sakurakoji, die für Black Bird den 54. Shogakukan-Mangapreis im Bereich Shojo erhielt!
</marc:subfield>
   </marc:datafield>
   <marc:datafield ind1=" " ind2=" " tag="020">
      <marc:subfield code="a">9783770471942</marc:subfield>
      <marc:subfield code="9">9783770471942</marc:subfield>
   </marc:datafield>
   <marc:datafield ind1=" " ind2=" " tag="041">
      <marc:subfield code="a">ger</marc:subfield>
   </marc:datafield>
   <marc:datafield ind1=" " ind2=" " tag="300">
      <marc:subfield code="a">188 S.</marc:subfield>
   </marc:datafield>
</marc:record>
